[Event "AUTO-ADV-4542"]
[Site "http://www.queenalice.com/game.php?id=1770674"]
[Date "2021.9.24"]
[Round "1"]
[White "signifer"]
[Black "lucasalex"]
[Result "0-1"]
[WhiteElo "1847"]
[BlackElo "1985"]

1. d4 Nf6 2. c4 g6 3. Nc3 d5 4. e3 Bg7 5. Be2 c6 6. Nf3 O-O 7. O-O Nbd7 8. cxd5
cxd5 9. Bd2 Nb6 10. Rc1 Bg4 11. Nb5 a6 12. Nc3 Ne4 13. h3 Nxc3 14. Bxc3 Bf5 15.
Nh4 Bd7 16. Ba5 Bb5 17. Re1 Bxe2 18. Qxe2 Qd6 19. Nf3 Nc4 20. Bc3 b5 21. b3 Nb6
22. Ba5 Rfc8 23. Qd3 Nd7 24. Rc3 Rc6 25. Rec1 Rac8 26. Qc2 Rxc3 27. Bxc3 b4 28.
Qd3 bxc3 29. Rxc3 Rc6 30. g3 Qc7 0-1

[Event "Challenge"]
[Site "http://www.queenalice.com/game.php?id=1770681"]
[Date "2021.9.24"]
[Round "-"]
[White "jenyasm"]
[Black "lucasalex"]
[Result "0-1"]
[WhiteElo "1621"]
[BlackElo "1847"]

1. e4 e5 2. Nf3 d6 3. Bc4 Be7 4. d3 Nf6 5. Ng5 d5 6. exd5 Bg4 7. f3 Bh5 8. Ne4
Nxd5 9. Bd2 O-O 10. Nbc3 Nb6 11. Qe2 Nxc4 12. dxc4 Nc6 13. a3 Nd4 14. Qd3 f5 15.
O-O-O fxe4 16. Nxe4 Bg6 17. Bc3 c5 18. Qd2 Bxe4 19. Qe1 Bxc2 20. Rd2 Bg5 0-1

[Event "Challenge"]
[Site "http://www.queenalice.com/game.php?id=1771040"]
[Date "2021.9.29"]
[Round "-"]
[White "jpribeiro"]
[Black "lucasalex"]
[Result "1-0"]
[WhiteElo "2086"]
[BlackElo "1914"]

1. e4 e5 2. Nf3 Nc6 3. d4 exd4 4. Bc4 Be7 5. c3 d6 6. O-O Nf6 7. Re1 O-O 8. cxd4
d5 9. exd5 Nxd5 10. Nc3 Be6 11. Nxd5 Bxd5 12. Bxd5 Qxd5 13. Bf4 Bd6 14. Bxd6
Qxd6 15. Qd2 Rad8 16. Rad1 Rd7 17. a3 Rfd8 18. d5 Nb8 19. Ne5 Re7 20. Nc4 Rxe1+
21. Rxe1 Qc5 22. b3 h6 23. Ne3 Qxa3 24. Rd1 Qxb3 25. g3 Nd7 26. Qd4 Qb6 27. Qxb6
Nxb6 28. Kf1 Kf8 29. Ke2 Ke7 30. Nf5+ Kf6 31. Ne3 Ke5 32. f3 Nxd5 33. Ng4+ Ke6
34. Kf2 f6 35. Ne3 Rd7 36. Ng2 a5 37. Re1+ Kf7 38. Rd1 a4 39. Ne3 c6 40. Nc2 Re7
41. Re1 1-0

[Event "Challenge"]
[Site "http://www.queenalice.com/game.php?id=1771041"]
[Date "2021.9.29"]
[Round "-"]
[White "lucasalex"]
[Black "jpribeiro"]
[Result "0-1"]
[WhiteElo "1965"]
[BlackElo "1666"]

1. e4 e5 2. Nf3 Nf6 3. Nc3 d6 4. d4 exd4 5. Nxd4 c5 6. Nb3 Be7 7. Bd3 h6 8. Bf4
O-O 9. O-O Be6 10. Qd2 c4 11. Be2 cxb3 12. axb3 Nc6 13. Rfd1 Ne8 14. Nd5 Bxd5
15. Qxd5 Nf6 16. Qb5 Qd7 17. e5 Nxe5 18. Qb4 Nc6 19. Qc3 Ne4 20. Qc4 Nf6 21. Bf3
Rac8 22. Qe2 g5 23. Bd2 g4 24. Bxc6 Rxc6 25. Bxh6 Rfc8 26. Qe3 Kh7 27. c3 Ng8
28. Bf4 Re8 29. Qd3+ Kg7 30. Rxa7 Nf6 31. Ra5 d5 32. Be5 Qe6 33. Rxd5 Kf8 34.
Bxf6 Qxf6 35. Rd7 Bc5 36. Kh1 Qxf2 37. Rd8 Re6 38. Rxe8+ Rxe8 39. Qf1 Qxf1+ 40.
Rxf1 Re2 41. Rb1 Ke7 42. h3 gxh3 43. gxh3 Bd6 44. Kg1 Rh2 0-1

[Event "Challenge"]
[Site "http://www.queenalice.com/game.php?id=1772464"]
[Date "2021.10.17"]
[Round "-"]
[White "lucasalex"]
[Black "Camy"]
[Result "1-0"]
[WhiteElo "1983"]
[BlackElo "1483"]

1. e4 e5 2. Nf3 Nc6 3. Bb5 d6 4. d4 Bd7 5. O-O a6 6. Bc4 h6 7. h3 Nxd4 8. Nxd4
exd4 9. Qxd4 c5 10. Qd5 Be6 11. Qd3 Qd7 12. Nc3 b5 13. Bxe6 Qxe6 14. Bf4 Be7 15.
Nd5 Bd8 16. Qg3 g5 17. Bxd6 Qxe4 18. Rfe1 Nf6 19. Nxf6+ Bxf6 20. Rxe4+ Kd8 21.
Bxc5 Re8 22. Rd1+ Kc8 23. Rxe8+ Kb7 24. Rd7+ Kc6 25. Qd6# 1-0

[Event "AUTO-ADV-4550"]
[Site "http://www.queenalice.com/game.php?id=1772569"]
[Date "2021.10.18"]
[Round "1"]
[White "PaulMSains"]
[Black "lucasalex"]
[Result "1/2-1/2"]
[WhiteElo "1876"]
[BlackElo "1965"]

1. e4 e5 2. Nf3 Nc6 3. Bc4 Bc5 4. O-O d6 5. h3 h6 6. Nc3 Nf6 7. d3 O-O 8. Be3
Bxe3 9. fxe3 Na5 10. Nd2 Nxc4 11. Nxc4 Be6 12. b3 Nh7 13. Rf3 f5 14. exf5 Rxf5
15. Rxf5 Bxf5 16. Qf3 Qc8 17. Rf1 Be6 18. Nd5 Qd7 19. Nc3 c6 20. Qg3 b5 21. Nd2
Rf8 22. Rxf8+ Nxf8 23. Nce4 Qe7 24. Nf2 Nh7 25. Ng4 Kh8 26. Nf3 Nf6 27. Nxf6
Qxf6 28. Nd2 Bd5 29. e4 Bf7 30. Qf3 Qf4 31. Qxf4 exf4 32. Nf3 a5 33. Nd4 Be8 34.
Nf5 d5 35. exd5 cxd5 36. Nd6 Bd7 37. Nb7 a4 38. Nc5 Bc6 39. bxa4 bxa4 40. Kf2 g5
41. d4 Kg7 42. Kf3 Kg6 43. g3 fxg3 44. Kxg3 h5 45. h4 g4 46. Ne6 Kh6 47. Nf4 Bb7
48. a3 1/2-1/2

[Event "AUTO-ADV-4550"]
[Site "http://www.queenalice.com/game.php?id=1772570"]
[Date "2021.10.18"]
[Round "1"]
[White "lucasalex"]
[Black "PaulMSains"]
[Result "1-0"]
[WhiteElo "1937"]
[BlackElo "1807"]

1. e4 e5 2. Nf3 Nc6 3. Bb5 d6 4. h3 Bd7 5. d4 exd4 6. Nxd4 Nxd4 7. Bxd7+ Qxd7 8.
Qxd4 c5 9. Qd3 Be7 10. Bf4 O-O-O 11. Nc3 a6 12. a4 Nf6 13. O-O Nh5 14. Bh2 g6
15. Nb5 axb5 16. axb5 Kc7 17. Qc4 Bf6 18. Qxc5+ Kb8 19. b6 Qc6 20. Qa5 Kc8 21.
e5 Be7 22. exd6 Bxd6 23. Rad1 Bxh2+ 24. Kxh2 Rd6 25. Qa8+ Kd7 26. Qxh8 Nf6 27.
Qxf6 Qxb6 28. Qxd6+ Qxd6+ 29. Rxd6+ 1-0

[Event "AUTO-ADV-4550"]
[Site "http://www.queenalice.com/game.php?id=1772585"]
[Date "2021.10.18"]
[Round "1"]
[White "askasl159"]
[Black "lucasalex"]
[Result "0-1"]
[WhiteElo "1722"]
[BlackElo "1952"]

1. e4 e5 2. f4 d6 3. Nf3 Nc6 4. h3 Nf6 5. Nc3 Be7 6. Bc4 exf4 7. O-O Ne5 8. Nxe5
dxe5 9. a3 Qd4+ 10. Kh1 Qxc4 11. d3 Qd4 12. Ne2 Qb6 13. d4 Nxe4 14. b4 Bf5 15.
Bb2 O-O-O 16. c3 Bh4 17. Qc1 Nf2+ 18. Kg1 Nxh3+ 19. Kh1 Nf2+ 20. Kg1 Nd3 21. Qd2
Be4 0-1

[Event "AUTO-ADV-4550"]
[Site "http://www.queenalice.com/game.php?id=1772586"]
[Date "2021.10.18"]
[Round "1"]
[White "lucasalex"]
[Black "askasl159"]
[Result "1-0"]
[WhiteElo "1959"]
[BlackElo "1715"]

1. e4 e5 2. Nf3 d5 3. Nxe5 Bd6 4. d4 dxe4 5. Qe2 Nf6 6. Nc3 Bf5 7. Qb5+ Nc6 8.
Nxc6 bxc6 9. Qxf5 O-O 10. Bg5 Qd7 11. Qxd7 Nxd7 12. Bc4 Nb6 13. Bb3 Bb4 14. Bd2
Bxc3 15. Bxc3 Nd5 16. Bd2 Rfd8 17. O-O-O Rd7 18. Ba4 Rd6 19. c4 Nf6 20. Bf4 Re6
21. Bxc7 Rc8 22. Be5 Ng4 23. Bg3 e3 24. fxe3 Nxe3 25. Rde1 Nxc4 26. Rxe6 fxe6
27. Bb3 1-0

[Event "AUTO-ADV-4550"]
[Site "http://www.queenalice.com/game.php?id=1772597"]
[Date "2021.10.18"]
[Round "1"]
[White "lucasalex"]
[Black "Artking"]
[Result "1-0"]
[WhiteElo "1948"]
[BlackElo "1978"]

1. e4 c5 2. c4 Nc6 3. Nf3 d6 4. d4 cxd4 5. Nxd4 Nf6 6. Nc3 g6 7. Be2 Bg7 8. Nxc6
bxc6 9. h4 h5 10. O-O Ng4 11. Qc2 Bd4 12. Bxg4 hxg4 13. g3 f6 14. Ne2 Bb6 15. b4
Bb7 16. c5 Bc7 17. Rd1 d5 18. exd5 cxd5 19. c6 Ba6 20. Qxg6+ Kf8 21. Nd4 e5 22.
Ne6+ 1-0

[Event "AUTO-ADV-4550"]
[Site "http://www.queenalice.com/game.php?id=1772598"]
[Date "2021.10.18"]
[Round "1"]
[White "Artking"]
[Black "lucasalex"]
[Result "0-1"]
[WhiteElo "1959"]
[BlackElo "1965"]

1. d4 d5 2. Nf3 Nf6 3. c4 e6 4. e3 Be7 5. Bd3 O-O 6. O-O dxc4 7. Bxc4 b6 8. Nc3
Bb7 9. Bd3 Nc6 10. a3 Re8 11. Ng5 h6 12. Nge4 Nd5 13. Bd2 Nxc3 14. bxc3 Nb8 15.
f4 f5 16. Ng3 Bh4 17. Nh1 Nd7 18. Ng3 Bxg3 19. hxg3 Nf6 20. Qb3 Kh8 21. Rac1 Ne4
22. Be1 Qf6 23. c4 Rad8 24. c5 Bd5 25. Qc2 Qg6 26. cxb6 cxb6 27. Bxe4 Bxe4 28.
Qb2 Rc8 29. Bf2 Qf7 30. Rfd1 Qb7 31. Be1 Qd5 32. Rxc8 Rxc8 33. Rc1 Rxc1 34. Qxc1
Bxg2 35. Qc8+ Kh7 36. Qc2 Be4 37. Qe2 Qb3 38. Bb4 a5 39. Bd6 Bb7 40. Kf2 b5 41.
g4 Qd5 42. Bf8 Qg2+ 43. Ke1 Qxe2+ 44. Kxe2 fxg4 45. Kf2 Be4 46. Be7 Kg6 47. Bd8
b4 48. Bxa5 bxa3 49. Kg3 h5 50. Bc3 a2 51. Bb2 Kf7 52. Bc3 g6 53. Bb2 Ke8 54.
Bc3 Kd7 0-1

[Event "Desafio"]
[Site "http://www.queenalice.com/game.php?id=1773041"]
[Date "2021.10.24"]
[Round "-"]
[White "mariesco"]
[Black "lucasalex"]
[Result "0-1"]
[WhiteElo "1541"]
[BlackElo "1963"]

1. e4 c5 2. d3 g6 3. Nf3 d6 4. g3 Nc6 5. Nbd2 Bg7 6. Bg2 Nf6 7. c3 O-O 8. O-O e5
9. Nh4 Nh5 10. g4 Nf4 11. Re1 Qxh4 12. Nf3 Qd8 13. c4 Nxg2 14. Kxg2 Bxg4 15. Re3
Nd4 16. b3 Bh6 17. Qg1 Bxe3 18. Nxd4 Bxc1 19. Qxc1 cxd4 20. f4 Qh4 21. Kg1 f5
22. a4 fxe4 23. dxe4 Rxf4 24. Qe1 Qxe1+ 25. Rxe1 Bh3 0-1

[Event "AUTO-ADV-4541"]
[Site "http://www.queenalice.com/game.php?id=1775032"]
[Date "2021.11.17"]
[Round "2"]
[White "MMA34"]
[Black "lucasalex"]
[Result "1-0"]
[WhiteElo "1915"]
[BlackElo "1931"]

1. d4 d5 2. c4 e6 3. Nc3 Nf6 4. Bg5 Be7 5. Nf3 h6 6. Bh4 O-O 7. e3 b6 8. Be2 Bb7
9. Bg3 Nbd7 10. O-O dxc4 11. Bxc4 Nh5 12. Qc2 Nxg3 13. hxg3 Nf6 14. a3 c5 15.
Rad1 cxd4 16. exd4 Rc8 17. Bd3 Qc7 18. Rc1 Rfd8 19. Nb5 Qxc2 20. Rxc2 Rxc2 21.
Bxc2 a6 22. Nc3 Bxf3 23. gxf3 Rxd4 24. Rd1 Rxd1+ 25. Nxd1 Nd5 26. Ne3 Bf6 27. b3
Bd4 28. Nc4 g5 29. Nd2 a5 30. Ne4 1-0

[Event "AUTO-ADV-4541"]
[Site "http://www.queenalice.com/game.php?id=1775033"]
[Date "2021.11.17"]
[Round "2"]
[White "lucasalex"]
[Black "MMA34"]
[Result "1-0"]
[WhiteElo "2005"]
[BlackElo "1783"]

1. e4 c5 2. Nf3 d6 3. Bb5+ Bd7 4. Bxd7+ Nxd7 5. c4 Ngf6 6. Nc3 e6 7. O-O Be7 8.
d3 a6 9. a4 Nb8 10. h3 O-O 11. Be3 Nc6 12. Nh2 Nd7 13. f4 f6 14. f5 Nd4 15. fxe6
Nxe6 16. Qg4 Nd4 17. Nf3 Ne5 18. Nxe5 dxe5 19. Nd5 Nc2 20. Bh6 Rf7 21. Rad1 g6
22. Rf2 Nd4 23. Rdf1 f5 24. exf5 g5 25. f6 Bf8 26. Qxg5+ Kh8 27. Bxf8 1-0

[Event "AUTO-ADV-4541"]
[Site "http://www.queenalice.com/game.php?id=1775036"]
[Date "2021.11.17"]
[Round "2"]
[White "lucasalex"]
[Black "LMP1989"]
[Result "0-1"]
[WhiteElo "1891"]
[BlackElo "2052"]

1. e4 c5 2. Nf3 Nc6 3. c4 e6 4. Nc3 Nf6 5. d3 Be7 6. g3 O-O 7. Bg2 d5 8. exd5
exd5 9. O-O dxc4 10. dxc4 Bg4 11. Qb3 Bxf3 12. Bxf3 Nd4 13. Qd1 Nxf3+ 0-1